Vista normal
Vista MARC
Entrada Personal Name
Número de registros utilizados en: 2
001 - CONTROL NUMBER
- control field: 37546
003 - CONTROL NUMBER IDENTIFIER
- control field: OSt
005 - DATE AND TIME OF LATEST TRANSACTION
- control field: 20210511123838.0
008 - FIXED-LENGTH DATA ELEMENTS
- fixed length control field: 210511|| aca||aabn | a|a d
040 ## - CATALOGING SOURCE
- Original cataloging agency: OSt
- Transcribing agency: OSt
100 ## - HEADING--PERSONAL NAME
- Personal name: Torres, Manuel
670 ## - SOURCE DATA FOUND
- Source citation: Work cat.: (OSt)7661: Usera, Gabriel de, 15081 autor, Régimen fiscal de los beneficios de empresas y partícipes / , ©1954